Entry Nombre personal
001 - NÚMERO DE CONTROL
- campo de control: 240872
003 - IDENTIFICADOR DE NÚMERO DE CONTROL
- campo de control: SpMaBN
005 - FECHA Y HORA DE LA ÚLTIMA TRANSACCIÓN
- campo de control: 20250613194111.0
008 - ELEMENTOS DE DATO DE LONGITUD-FIJA
- campo de control de longitud fija: 921123n azznnaabn a aaa
016 ## - NÚMERO DE CONTROL DE UNA AGENCIA BIBLIOGRÁFICA NACIONAL
- Número de control del registro: BNE19932256667
024 7# - IDENTIFICADOR DE OTROS ESTÁNDARES
- Número estándar o código: http://viaf.org/viaf/107017826/
- Fuente: viaf
040 ## - FUENTE DE CATALOGACIÓN
- Centro catalogador/agencia de origen: SpMaBN
- Lengua de catalogación: spa
- Centro/agencia transcriptor: SpMaBN
- Normas de descripción: rdc
- Convención/Normas de encabezamiento de materia/tesauro: embne
046 ## - FECHAS CON CODIFICACIÓN ESPECIAL
- Fecha de nacimiento: 1906
- Fecha de la muerte: 2002
100 1# - ENCABEZAMIENTO-NOMBRE DE PERSONA
- Nombre de persona: García Ascot, Rosa,
- Fechas asociadas al nombre: 1902-2002
375 ## - GÉNERO/SEXO
- Género: Femenino
400 1# - TRAZADO DE VÉASE--NOMBRE DE PERSONA
- Nombre de persona: Bal, Rosita
- Fechas asociadas al nombre: 1906-2002
670 ## - FUENTE DE DATOS ENCONTRADOS
- Cita de la fuente: Preludio, cop. 1947
- Información encontrada: port. (Bal, Rosita)
670 ## - FUENTE DE DATOS ENCONTRADOS
- Cita de la fuente: Rosa García Ascot y la Generación del 27, 2018
670 ## - FUENTE DE DATOS ENCONTRADOS
- Cita de la fuente: Española, D.L. 1971
- Información encontrada: port. (Rosa García Ascot)
670 ## - FUENTE DE DATOS ENCONTRADOS
- Cita de la fuente: Las mujeres en la música: las compositoras españolas; María Luisa Ozaita, D.L. 1995
- Información encontrada: p. 410 (Rosa García Ascot; n. Madrid 1906 [sic]; compositora y pianista)
670 ## - FUENTE DE DATOS ENCONTRADOS
- Cita de la fuente: WWW El País (Madrid. 1976), 09-05-2002
- Información encontrada: (Rosa García Ascot; m. 2 de mayo de 2002, Torrelaguna, Madrid; compositora)
670 ## - FUENTE DE DATOS ENCONTRADOS
- Cita de la fuente: Dicc. de la música española e hispanoamericana, SGAE, 1999-2002
- Información encontrada: (García Ascot, Rosa; n. 8-IV-1908 [sic]; Madrid; pianista y compositora; discípula de Granados, Pedrell, Falla y Boulanger; casada con Jesús Gal y Gay, compartió con él residencia en Cambridge y el exilio mexicano)
678 ## - DATOS BIOGRÁFICOS O HISTÓRICOS
- Datos biográficos o históricos: Miembro de la Generación del 27
